000 01242cad a22002415a 4500
001 L147091
008 090331s2009 xxk f o 000 0 eng u
035 _a(Sirsi) u147091
041 0 _aeng
050 0 4 _a615.9 $2 18
110 2 _aCommission for Architecture and the Built Environment
_94058
245 0 0 _aNo more toxic assets
_bfresh thinking on housing quality
_h[electronic resource]
260 _aLondon
_bCABE
_c2009
300 _a16 p.
505 2 _aLocal authority policy making -- The role of regulation -- Reducing risk to developers -- Establishing location -- Investment, not trading -- Explore new development models -- Productivity and sustainable design -- Procurement and public sector market power.
520 _aAnalyses building problems created by the current recession and presents ideas for better building design quality. Suggests that better house quality can be achieved through longer-term investment, better regulation and more variety of tenure.
521 _aAdvanced
590 _aKA NTK
651 4 _aEngland
_y886-
690 _aBUILT ENVIRONMENT-CONSTRUCTION DESIGN
856 4 8 _uhttps://www.cabe.org.uk/news/no-more-toxic-assets
_zView the item free of charge at www.cabe.org.uk/...
942 _n0
999 _c109442
_d109442